000 00663nam a2200241Ia 4500
003 OSt
005 20221007071256.0
006 a|||||r|||| 00| 0
007 ta
008 221006b |||||||| |||| 00| 0 eng d
024 _a24,539
037 _cTextual
040 _aFLL
_cFLL
_beng
041 _2eng
_aeng
082 _aZ3:3, H6;1
100 _aCheshire G. C.
_9152548
245 0 _aLaw of contract
260 _aLondon
_bButterworth & CO. Pvt. Ltd. Tronoto
_c1946
300 _axlviii,435,27p
_ccm.
700 _a Fifoot C. H. S.
_9152549
942 _hZ3:3, H6;1
_cTEXL
_2CC
999 _c1142925
_d1142925